000 00682nam a2200205Ii 4500
003 JO-AjNU
008 230605s9999||||xx |||||||||||||| ||und||
017 _a266
040 _aJO-AjNU
_bara
_erda
_cJO-AjNU
041 _aara
050 1 4 _aTD174.R.38 1983
100 3 _aتاليف الراوي، جابر ابراهيم ,
_eauthor
_946602
245 0 0 _aالمسؤولية الدولية عن الاضرار الناتجة عن تلوث البيئة
264 3 1 _aد.ن : د.م ،1983
300 _a258ص
336 _atext
_btxt
_2rdacontent
337 _aunmediated
_bn
_2rdamedia
338 _avolume
_bnc
_2rdacarrier
650 4 _aتلوث البيئة -قوانين
_946603
999 _aA20286
_c23854
_d23854